Letra de Orilla-8belial x Bad Gyal - Estadísticas

Estadísticas generales
  • Esta prueba ha sido intentada 35 veces
  • La puntuación promedio es 389 de 499
Estadísticas de respuestas
Hint Respuesta % Correcto
a
100%
A
100%
en
100%
En
100%
Baby
96%
baby
96%
(Baby
96%
de
96%
gyal
96%
Gyal
96%
la
96%
La
96%
me
96%
Me
96%
orilla
96%
otra
96%
vez?
96%
vez
96%
y
96%
ahora
93%
Ahora
93%
aquella
93%
con
93%
es
93%
esa
93%
mi
93%
para
93%
por
93%
que
93%
qué
93%
Que
93%
un
93%
una
93%
usted
93%
Vi
93%
bien
89%
contesté
89%
el
89%
El
89%
él
89%
está'
89%
llamaste
89%
nadar
89%
No
89%
no
89%
pillas
89%
soy
89%
Tanto
89%
vienes
89%
ahogarte
86%
famosa
86%
hablas
86%
ho
86%
ni
86%
pesadilla
86%
piel
86%
rodillas
86%
Tu
86%
tu
86%
86%
Como
82%
como
82%
cómo
82%
cuento
82%
girl
82%
haciendolo
82%
haciéndolo
82%
lo
82%
Lo
82%
ponte
82%
Ponte
82%
porque
82%
te
82%
yo
82%
Yo
82%
Contando
79%
hago
79%
le
79%
luna
79%
Luna
79%
miel
79%
nueva
79%
Estribillo Si
79%
va
79%
ajedrez
75%
ficha
75%
gel
75%
su
75%
sus
75%
tablero
75%
tiene
75%
uñas
75%
caso
71%
da
71%
famoso
71%
hace
71%
muevo
71%
tengo
71%
Tengo
71%
Bad
68%
boda
68%
contigo
68%
cuando
68%
Cuando
68%
ella
68%
esas
68%
fan
68%
Se
68%
se
68%
también
68%
tienes
68%
Ya
68%
ya
68%
aparato
64%
diez
64%
real
64%
clava
61%
discoteca
61%
dolió
61%
eso
61%
lao
61%
mentir
61%
miénteme
61%
nuevo
61%
pantalón
61%
Pasa
61%
propiedades
61%
ahí
57%
amiga
57%
Bomboclaat
57%
cara
57%
hablan
57%
money
57%
nivel
57%
Risa
57%
sabe
57%
amor
54%
bajó
54%
cabe
54%
culo
54%
dice
54%
moverlo
54%
paralizá
54%
pero
54%
queda
54%
rato
54%
'taba
54%
vas
54%
al
50%
copia
50%
cuerpo
50%
dueño
50%
empapado
50%
fiel
50%
las
50%
Los
50%
Pensaba
50%
siga
50%
toco
50%
dando
46%
dejo
46%
he
46%
nuestra
46%
pare
46%
reemplacé
46%
toto
46%
dices
43%
freezá'
43%
Hablándome
43%
tocado
43%
8belial
39%
Aún
39%
entiendelo
39%
entiéndelo
39%
automático
36%
encanta
36%
llegan
36%
físico
32%
linfático
32%
médico
32%
papel
32%
pega
32%
problema
32%
quieren
32%
ven
32%
beso
29%
dame
29%
dentro
29%
días
29%
direct
29%
fumar
29%
hermético
29%
pongo
29%
pussy
29%
salte
29%
yeah
29%
algo
25%
gyales
25%
nuestro
25%
traga
25%
boy)
21%
placa'
21%
¿por
21%
dry
18%
llevado
18%
calmo
14%
has
14%
aprieta
11%
extraño
11%
Pa-par
7%
polen
7%
No se encontraron pruebas coincidentes
Distribución de puntuación
Porcentaje de gente con cada puntuación
Porcentaje por número respondido
Historial de tus puntuaciones
No has intentado esta prueba.